Rozhovor o líščom chvoste (Lakský príbeh.) ; Milan Tokár

Bibliographic Details
Other Authors: Tokár, Milan, 1940- (Translator)
Format: Article
Language:Slovak
Subjects:

MARC

LEADER 00000nab a2200000 a 4500
001 vtls000084509
003 SK-MaSNL
005 20260303180002.0
008 111103c1981 xo 0 slo
015 |a SNBRB19rr/mm-uuuuu 
035 |a CL0094611 
040 |a SNKBUCL  |b slo  |c SNKBUCL  |e AACR2 
041 0 |a slo 
044 |a xo  |c SK 
080 |a 894.612.6-7  |2 1981 
245 0 0 |a Rozhovor o líščom chvoste  |b (Lakský príbeh.) ; Milan Tokár 
650 0 7 |a príbehy anekdotické  |2 snkbucl  |9 1204940 
650 0 7 |a sovietska literatúra  |2 snkbucl  |9 22300 
655 7 |a články z novín a časopisov  |2 snkbucl  |9 267496 
655 7 |a články z odboru literárna veda a krásna literatúra  |2 snkbucl  |9 770045 
700 1 |a Tokár, Milan,  |d 1940-  |4 trl  |9 121104 
773 0 |t Sovětská literatura  |g Č. 1 (1981), s. 182-183 
850 |a Slovenská národná knižnica v Martine  |a MTA001 
852 |a SNK  |b KIS3GCP 
958 |a RK 
958 |a LX 
992 |a RBX 
999 |c 2104239  |d 2106169